Brand integration practices in mergers and acquisitions /

Spremljeno u:
Bibliografski detalji
Glavni autor: Vu Anh Dung.
Daljnji autori: Pham Duc Thuan., Phung Van Nha.
Format: Članak
Jezik:Vietnamese
Teme:
Oznake: Dodaj oznaku
Bez oznaka, Budi prvi tko označuje ovaj zapis!
Thư viện lưu trữ: Thư viện Trường Đại học Đà Lạt
LEADER 00855nam a2200289 4500
001 DLU120144794
005 ##20121214
040 # # |a DLU  |b vie 
041 # # |a vie 
044 # # |a vn 
100 # # |a Vu Anh Dung. 
245 # # |a Brand integration practices in mergers and acquisitions /  |c Vu Anh Dung, Phung Van Nha, Pham Duc Thuan. 
653 # # |a Brand management 
653 # # |a Business strategy 
653 # # |a Marketing  
700 # # |a Pham Duc Thuan. 
700 # # |a Phung Van Nha. 
773 # # |t Tạp chí Khoa học Kinh tế và kinh doanh  |g Số 5(25), 2009, tr. 15-28 
920 # # |a Phòng Tạp chí -- Trung tâm Thông tin - Thư viện Trường Đại học Đà Lạt 
994 # # |a DLU 
900 # # |a True 
911 # # |a Nguyễn Thị Linh Chi 
925 # # |a G 
926 # # |a A 
927 # # |a BB 
980 # # |a Thư viện Trường Đại học Đà Lạt